[Event "Gibtelecom Masters 8th"]
[Site "Gibraltar"]
[Date "2010.01.30"]
[Round "5.59"]
[White "Marchand, Francois"]
[Black "Allor, Chukwuka"]
[Result "1-0"]
[WhiteElo "2244"]
[BlackElo "2100"]
[PlyCount "143"]
[EventDate "2010.01.26"]
[EventType "swiss"]
[EventRounds "10"]
[EventCountry "GGB"]
[SourceDate "2005.02.07"]

1. d4 Nf6 2. c4 g6 3. Nc3 d5 4. Nf3 Bg7 5. Qb3 dxc4 6. Qxc4 O-O 7. e4 Nc6 8Be2 Bg4 9. d5 Bxf3 10. gxf3 Na5 11. Qd3 c6 12. b4 cxd5 13. bxa5 Nd7 14. exd5
Nc5 15. Qc4 Na4 16. Nxa4 Bxa1 17. Bd2 Rc8 18. Qb3 Qd7 19. Be3 Qc7 20. O-O Be5
21. Nc5 Bxh2+ 22. Kg2 Bf4 23. Nxb7 Bxe3 24. fxe3 Qe5 25. f4 Qe4+ 26. Rf3 Qc2
27. Qxc2 Rxc2 28. Rf2 Rfc8 29. e4 Kf8 30. e5 f5 31. d6 exd6 32. exd6 Ke8 33Bd1 Rxf2+ 34. Kxf2 Rc4 35. Be2 Rxf4+ 36. Kg3 Rb4 37. a6 Rd4 38. Bb5+ Kf7 39. d7
Ke7 40. d8=Q+ Rxd8 41. Nxd8 Kxd8 42. Kf4 Kc7 43. Kg5 Kd6 44. Bc4 Ke5 45. Bg8 h5
46. Bf7 h4 47. Kxh4 Kf6 48. Be8 g5+ 49. Kg3 Ke7 50. Bc6 Kd6 51. Ba8 Ke5 52. Kf3
Kd4 53. Bb7 Ke5 54. Bc8 Kf6 55. Ke3 Ke5 56. Bd7 g4 57. Bc8 f4+ 58. Kf2 g3+ 59Kf3 Kf6 60. Bb7 Kf5 61. Bc8+ Kf6 62. Bh3 Kg5 63. Bg2 Kf5 64. Bh3+ Kg5 65. Ke4
Kh4 66. Bg2 Kg4 67. a3 Kg5 68. Bf3 Kh4 69. Kxf4 Kh3 70. Ke5 g2 71. Bxg2+ Kxg2
72. Kd6 1-0

[Event "Gibtelecom Masters 8th"]
[Site "Gibraltar"]
[Date "2010.01.30"]
[Round "5.60"]
[White "Nadig, Kruttika"]
[Black "Freuler, Roman"]
[Result "0-1"]
[WhiteElo "2240"]
[BlackElo "2082"]
[PlyCount "74"]
[EventDate "2010.01.26"]
[EventType "swiss"]
[EventRounds "10"]
[EventCountry "GGB"]
[SourceDate "2005.02.07"]

1. e4 c5 2. Nf3 d6 3. d4 cxd4 4. Nxd4 Nf6 5. Nc3 g6 6. Be3 Bg7 7. f3 O-O 8. Bc4
Nc6 9. Qd2 Bd7 10. O-O-O Qa5 11. Kb1 Rfc8 12. Bb3 Ne5 13. h4 b5 14. Ncxb5 Qxd2
15. Rxd2 Rab8 16. a4 a6 17. Na3 Be8 18. Ka2 Nfd7 19. Ne2 Nc5 20. Bxc5 dxc5 21c3 h5 22. Rf1 c4 23. Bc2 Rc7 24. f4 Ng4 25. Rf3 e5 26. b4 cxb3+ 27. Bxb3 exf4
28. Nxf4 Ne5 29. Rg3 Kh7 30. Nd5 Rcb7 31. Bd1 Nd7 32. a5 Nc5 33. Re2 Bb5 34. c4
Ba4 35. Nc2 Bb3+ 36. Rxb3 Nxb3 37. Re3 Nxa5 0-1

[Event "Gibtelecom Masters 8th"]
[Site "Gibraltar"]
[Date "2010.01.30"]
[Round "5.61"]
[White "Al-Tamimi, Hamad"]
[Black "Pienabarca, Nicola"]
[Result "1-0"]
[WhiteElo "2238"]
[BlackElo "2071"]
[PlyCount "39"]
[EventDate "2010.01.26"]
[EventType "swiss"]
[EventRounds "10"]
[EventCountry "GGB"]
[SourceDate "2005.02.07"]

1. e4 e5 2. Nf3 Nc6 3. Nc3 Nf6 4. Bb5 Bb4 5. O-O O-O 6. d3 Bxc3 7. bxc3 d6 8Bg5 Ne7 9. Nh4 Ng6 10. Nxg6 fxg6 11. Bc4+ Kh8 12. f4 Qe8 13. Qd2 exf4 14. Rxf4
h6 15. Bxf6 gxf6 16. Rxf6 Kg7 17. Rxf8 Kxf8 18. Qxh6+ Ke7 19. Qg7+ Kd8 20. Rf1
1-0

[Event "Gibtelecom Masters 8th"]
[Site "Gibraltar"]
[Date "2010.01.30"]
[Round "5.62"]
[White "Nuri, Kambez"]
[Black "Compton, Alistair"]
[Result "1/2-1/2"]
[WhiteElo "2235"]
[BlackElo "2066"]
[PlyCount "63"]
[EventDate "2010.01.26"]
[EventType "swiss"]
[EventRounds "10"]
[EventCountry "GGB"]
[SourceDate "2005.02.07"]

1. g3 d5 2. Bg2 e5 3. d3 Nf6 4. Nc3 Be7 5. e4 dxe4 6. Nxe4 Nxe4 7. Bxe4 O-O 8Ne2 c6 9. Be3 Be6 10. f4 f5 11. Bg2 Bd5 12. Bxd5+ Qxd5 13. O-O Nd7 14. Qd2 Rad8
15. Rae1 Bf6 16. a3 c5 17. Nc3 Qc6 18. Qg2 e4 19. Nd1 Rfe8 20. dxe4 fxe4 21. g4
Nb6 22. c3 Bh4 23. Re2 Qa4 24. Nf2 Qc4 25. Nh3 Rd3 26. Nf2 Nd5 27. Bc1 Bxf2+
28. Qxf2 Rf8 29. Be3 b6 30. h3 Rd8 31. Rfe1 Re8 32. f5 1/2-1/2

[Event "Gibtelecom Masters 8th"]
[Site "Gibraltar"]
[Date "2010.01.30"]
[Round "5.63"]
[White "Jameson, David"]
[Black "Lyell, Mark"]
[Result "0-1"]
[WhiteElo "2053"]
[BlackElo "2224"]
[PlyCount "94"]
[EventDate "2010.01.26"]
[EventType "swiss"]
[EventRounds "10"]
[EventCountry "GGB"]
[SourceDate "2005.02.07"]

1. e4 e5 2. Nf3 Nc6 3. Bb5 f5 4. Nc3 fxe4 5. Nxe4 Nf6 6. Nxf6+ Qxf6 7. O-O Be7
8. Qe2 Nd4 9. Nxd4 exd4 10. Re1 c6 11. Bd3 d5 12. b3 Kd8 13. Bb2 Bd6 14. c4 h5
15. cxd5 cxd5 16. Bb5 a6 17. Rac1 axb5 18. Qxb5 Ra6 19. Qxd5 Qf5 20. Qc4 Bd7
21. Qxd4 Qf4 22. Qxf4 Bxf4 23. Bxg7 Rg8 24. Bc3 Bc6 25. g3 Rxa2 26. Ra1 Rxa1
27. Rxa1 Kd7 28. Ra5 b5 29. Ra7+ Ke6 30. Rh7 Bf3 31. Kf1 Bd6 32. b4 Kd5 33. Rf7
Rf8 34. Rxf8 Bxf8 35. d3 Bd6 36. Ke1 Be5 37. Bxe5 Kxe5 38. h3 Kd4 39. Kd2 Bg2
40. g4 h4 41. Ke2 Bxh3 42. f3 Kc3 43. Ke3 Kxb4 44. Kf4 Kc3 45. Kg5 Bg2 46. Kxh4
Bxf3 47. g5 b4 0-1

[Event "Gibtelecom Masters 8th"]
[Site "Gibraltar"]
[Date "2010.01.30"]
[Round "5.64"]
[White "Chapman, Terry P D"]
[Black "Flores Chico, Jorge"]
[Result "1-0"]
[WhiteElo "2221"]
[BlackElo "2052"]
[PlyCount "91"]
[EventDate "2010.01.26"]
[EventType "swiss"]
[EventRounds "10"]
[EventCountry "GGB"]
[SourceDate "2005.02.07"]

1. e4 e6 2. d3 Nc6 3. Nf3 e5 4. Be2 f5 5. exf5 d5 6. g4 h5 7. g5 h4 8. Nxh4
Rxh4 9. Bh5+ Kd7 10. Bf7 Bc5 11. Bxd5 Ke7 12. Be4 Bxf5 13. Nc3 Bxe4 14. Nxe4
Rxe4+ 15. dxe4 Qxd1+ 16. Kxd1 Bxf2 17. c3 Ke6 18. h4 Bg3 19. Ke2 Bf4 20. h5
Nge7 21. Be3 Bxe3 22. Kxe3 Rh8 23. Raf1 Ng8 24. Rf8 Nce7 25. Rb8 b6 26. Rb7 Kd6
27. Rxa7 Nc8 28. Ra8 Nge7 29. h6 g6 30. b4 Kc6 31. c4 Kb7 32. Ra3 Nd6 33. Rc3
b5 34. cxb5 Nxb5 35. Rc5 Kb6 36. Rxe5 Nc6 37. Re6 Kb7 38. Rxg6 Nd6 39. h7 Ne7
40. Re6 Nc6 41. g6 Nc4+ 42. Kf2 Nd4 43. g7 Ra8 44. g8=Q Rxa2+ 45. Kg3 Ra3+ 46Kh4 1-0

[Event "Gibtelecom Masters 8th"]
[Site "Gibraltar"]
[Date "2010.01.30"]
[Round "5.65"]
[White "Tate, Alan"]
[Black "Hamer, Martyn"]
[Result "1-0"]
[WhiteElo "2211"]
[BlackElo "2039"]
[PlyCount "67"]
[EventDate "2010.01.26"]
[EventType "swiss"]
[EventRounds "10"]
[EventCountry "GGB"]
[SourceDate "2005.02.07"]

1. Nf3 Nf6 2. c4 e6 3. g3 d5 4. Bg2 Be7 5. O-O O-O 6. b3 c5 7. Bb2 Nc6 8. cxd5
exd5 9. d4 Be6 10. Nc3 Rc8 11. Rc1 cxd4 12. Nxd4 Nxd4 13. Qxd4 Bc5 14. Qd3 Qe7
15. Nb5 Rfd8 16. Nd4 Bg4 17. e3 Ba3 18. Qb1 h5 19. Rxc8 Rxc8 20. Rc1 Rxc1+ 21Qxc1 Bxb2 22. Qxb2 h4 23. h3 Bd7 24. gxh4 Ne4 25. Nf3 Qc5 26. Ne5 Be6 27. Nd3
Qa5 28. a3 f6 29. Qc1 Kh7 30. b4 Qa4 31. Nf4 Bg8 32. Bf3 Qd7 33. Qd1 f5 34Bxe4 1-0

[Event "Gibtelecom Masters 8th"]
[Site "Gibraltar"]
[Date "2010.01.30"]
[Round "5.66"]
[White "Weeramantry, Sunil"]
[Black "Jacobsen, Fredrik Beer"]
[Result "0-1"]
[WhiteElo "2201"]
[BlackElo "1952"]
[PlyCount "74"]
[EventDate "2010.01.26"]
[EventType "swiss"]
[EventRounds "10"]
[EventCountry "GGB"]
[SourceDate "2005.02.07"]

1. e4 e5 2. Nf3 Nc6 3. d4 exd4 4. Bc4 Bc5 5. O-O Nf6 6. e5 d5 7. exf6 dxc4 8Re1+ Be6 9. Ng5 Qd5 10. Nc3 Qf5 11. g4 Qg6 12. Nce4 Bb6 13. f4 d3+ 14. Kh1 Bd5
15. f5 Qxf6 16. Nf3 Bxe4 17. Rxe4+ Kd7 18. Rxc4 Qd6 19. Bf4 Qd5 20. Qxd3 Qxd3
21. cxd3 Rhe8 22. Re4 f6 23. Rae1 Rxe4 24. dxe4 Re8 25. Kg2 Kc8 26. Bd2 Nd4 27Bc3 Nc2 28. Re2 Ne3+ 29. Kh3 Rxe4 30. g5 Rf4 31. Nd4 Bxd4 32. Bxd4 Rf3+ 33. Kh4
Nxf5+ 34. Kg4 Nxd4 35. Re7 f5+ 36. Kh4 g6 37. Rxh7 Ne6 0-1

[Event "Gibtelecom Masters 8th"]
[Site "Gibraltar"]
[Date "2010.01.30"]
[Round "5.67"]
[White "Haraldsson, Leif"]
[Black "Ivanov, Stojan Emilov"]
[Result "0-1"]
[WhiteElo "2050"]
[BlackElo "2198"]
[PlyCount "76"]
[EventDate "2010.01.26"]
[EventType "swiss"]
[EventRounds "10"]
[EventCountry "GGB"]
[SourceDate "2005.02.07"]

1. f4 d5 2. Nf3 c5 3. g3 Nc6 4. Bg2 g6 5. d3 Bg7 6. O-O Nf6 7. c3 O-O 8. Qc2
Bf5 9. Nh4 Bg4 10. h3 Bc8 11. e4 dxe4 12. dxe4 e5 13. f5 Nh5 14. Kh2 Bf6 15Nf3 Kh8 16. Na3 Qe7 17. Nc4 gxf5 18. exf5 e4 19. Ng1 Qc7 20. Qf2 b5 21. Bxe4
bxc4 22. Qf3 Nxg3 23. Qxg3 Qxg3+ 24. Kxg3 Bd7 25. Bf4 Rae8 26. Rae1 Ne5 27. Re3
Nd3 28. Bh6 Rg8+ 29. Kf3 Ne5+ 30. Ke2 Rb8 31. Rb1 a5 32. Bf4 a4 33. a3 Rb6 34Kd2 Nd3 35. Ne2 Nxf4 36. Nxf4 Bg5 37. Rf3 Re8 38. Re1 Rd6+ 0-1

[Event "Gibtelecom Masters 8th"]
[Site "Gibraltar"]
[Date "2010.01.30"]
[Round "5.68"]
[White "Urbina Perez, Juan Antonio"]
[Black "De Lillo, Michele"]
[Result "1-0"]
[WhiteElo "2197"]
[BlackElo "1934"]
[PlyCount "85"]
[EventDate "2010.01.26"]
[EventType "swiss"]
[EventRounds "10"]
[EventCountry "GGB"]
[SourceDate "2005.02.07"]

1. e4 e6 2. d4 d5 3. Nd2 dxe4 4. Nxe4 Bd7 5. Nf3 Bc6 6. Bd3 Nf6 7. Nxf6+ gxf6
8. Qe2 Be7 9. Bf4 Bxf3 10. Qxf3 c6 11. c3 Nd7 12. O-O f5 13. Rfe1 Nf6 14. Be5
Qd5 15. Qxd5 cxd5 16. Bxf5 Kd7 17. Bd3 a6 18. h3 h5 19. f4 Rhg8 20. f5 h4 21fxe6+ fxe6 22. Rf1 Raf8 23. Rf3 Ke8 24. Raf1 Nd7 25. Rxf8+ Rxf8 26. Rxf8+ Kxf8
27. Bf4 Kf7 28. Kf2 Kf6 29. g4 e5 30. g5+ Ke6 31. dxe5 Nxe5 32. Bc2 Bc5+ 33Ke2 Bf8 34. b3 Bg7 35. Bd2 Nc6 36. Be1 Ke5 37. Bxh4 Kf4 38. Kd2 Ne5 39. Bd1
Nf3+ 40. Bxf3 Kxf3 41. Kd3 Kg2 42. g6 Kf3 43. Bg5 1-0

[Event "Gibtelecom Masters 8th"]
[Site "Gibraltar"]
[Date "2010.01.30"]
[Round "5.69"]
[White "Pereira, Johnharry"]
[Black "Byron, Alan M"]
[Result "0-1"]
[WhiteElo "1892"]
[BlackElo "2196"]
[PlyCount "102"]
[EventDate "2010.01.26"]
[EventType "swiss"]
[EventRounds "10"]
[EventCountry "GGB"]
[SourceDate "2005.02.07"]

1. d4 d5 2. c4 c6 3. Nc3 e6 4. Nf3 dxc4 5. a4 Bb4 6. e4 b5 7. Be2 Bb7 8. O-O a6
9. Bg5 Be7 10. Bf4 Nf6 11. Bg5 O-O 12. e5 Nd5 13. Bxe7 Qxe7 14. Ne4 Nd7 15. Qc2
f5 16. Nd6 N7b6 17. Ne1 Nc8 18. Nxc8 Raxc8 19. b3 cxb3 20. Qxb3 Nb6 21. Nd3
Nxa4 22. Rxa4 bxa4 23. Qxa4 c5 24. dxc5 Be4 25. Qxa6 Rc6 26. Qb5 Rfc8 27. Qb3
Qg5 28. g3 Qe7 29. Nf4 Rxc5 30. Qxe6+ Qxe6 31. Nxe6 Rxe5 32. Ng5 Rc2 33. Bd1
Rb2 34. Nxe4 Rxe4 35. Bf3 Rd4 36. h3 g5 37. g4 Rd3 38. Kg2 f4 39. Be4 Rd4 40Re1 Rdd2 41. Rf1 Kg7 42. Kg1 Rb3 43. Kg2 Rd4 44. Re1 Rb2 45. Bf5 Rdd2 46. Rf1
h6 47. Kg1 Kf6 48. Be4 Ke5 49. Ba8 Kd4 50. Re1 Rxf2 51. Re6 Rfc2 0-1

[Event "Gibtelecom Masters 8th"]
[Site "Gibraltar"]
[Date "2010.01.30"]
[Round "5.70"]
[White "Kawuma, Steven Male"]
[Black "Steinskog, Asbjorn Ottesen"]
[Result "1-0"]
[WhiteElo "2187"]
[BlackElo "1884"]
[PlyCount "41"]
[EventDate "2010.01.26"]
[EventType "swiss"]
[EventRounds "10"]
[EventCountry "GGB"]
[SourceDate "2005.02.07"]

1. e4 c5 2. Nf3 d6 3. d4 cxd4 4. Nxd4 Nf6 5. Nc3 a6 6. f3 e6 7. Be3 b5 8. Qd2
Bb7 9. g4 h6 10. O-O-O Nbd7 11. h4 b4 12. Nce2 d5 13. Rg1 dxe4 14. g5 exf3 15gxf6 fxe2 16. Qxe2 Qxf6 17. Bg2 Bxg2 18. Qxg2 Rb8 19. Rgf1 Qxh4 20. Nxe6 g5 21Qc6 1-0

[Event "Gibtelecom Masters 8th"]
[Site "Gibraltar"]
[Date "2010.01.30"]
[Round "5.73"]
[White "Haarr, Jon Kristian"]
[Black "Fox, Pierre"]
[Result "1-0"]
[WhiteElo "2157"]
[BlackElo "1788"]
[PlyCount "41"]
[EventDate "2010.01.26"]
[EventType "swiss"]
[EventRounds "10"]
[EventCountry "GGB"]
[SourceDate "2005.02.07"]

1. e4 e5 2. f4 exf4 3. Bc4 Nf6 4. Nc3 Bb4 5. Nge2 Qe7 6. d3 d6 7. O-O Nc6 8Bxf4 Bg4 9. Bg5 Bc5+ 10. Kh1 Qe5 11. Bxf6 gxf6 12. Nd5 O-O-O 13. Nxf6 Be6 14Bb5 Ne7 15. d4 Qg5 16. dxc5 dxc5 17. Qc1 Rd2 18. Nf4 Rhd8 19. Bd3 Qxf6 20. Qxd2
c4 21. Nd5 1-0

[Event "Gibtelecom Masters 8th"]
[Site "Gibraltar"]
[Date "2010.01.30"]
[Round "5.74"]
[White "Valhondo Morales, Ruben"]
[Black "Royset, Paal"]
[Result "1-0"]
[WhiteElo "1762"]
[BlackElo "2279"]
[PlyCount "69"]
[EventDate "2010.01.26"]
[EventType "swiss"]
[EventRounds "10"]
[EventCountry "GGB"]
[SourceDate "2005.02.07"]

1. e4 c5 2. Nf3 Nc6 3. d4 cxd4 4. Nxd4 Nf6 5. Nc3 e6 6. Be2 d6 7. f4 Be7 8. Be3
a6 9. Qd2 Qc7 10. O-O-O Bd7 11. g4 b5 12. g5 b4 13. Ncb5 axb5 14. Nxb5 Qb8 15gxf6 gxf6 16. Nxd6+ Bxd6 17. Qxd6 Qb7 18. Kb1 O-O-O 19. Qc5 Kb8 20. Rd6 Rc8 21Rhd1 Rc7 22. Qb6 Bc8 23. Bb5 Ne7 24. Qa5 Qxe4 25. R6d3 Nd5 26. Bc6 Bb7 27. Qa7+
Kc8 28. Bxb7+ Rxb7 29. Qa8+ Kc7 30. Qxh8 Nxe3 31. Qd8+ Kc6 32. Qd6+ Kb5 33. Re1
Rb6 34. Rdxe3 Qxe3 35. Qd7+ 1-0

[Event "Gibtelecom Masters 8th"]
[Site "Gibraltar"]
[Date "2010.01.30"]
[Round "5.75"]
[White "Getz, Nicolai"]
[Black "Brown, Thomas"]
[Result "1-0"]
[WhiteElo "2280"]
[BlackElo "2064"]
[PlyCount "59"]
[EventDate "2010.01.26"]
[EventType "swiss"]
[EventRounds "10"]
[EventCountry "GGB"]
[SourceDate "2005.02.07"]

1. e4 c6 2. d3 d6 3. g3 Nf6 4. Bg2 e5 5. Nd2 Nbd7 6. Ngf3 Be7 7. O-O O-O 8. Nc4
Re8 9. Re1 Bf8 10. b3 Qc7 11. Bb2 b5 12. Ne3 Bb7 13. c4 bxc4 14. Nxc4 c5 15Rc1 a5 16. Qd2 Nb8 17. Nh4 g6 18. f4 Bh6 19. Qf2 Nc6 20. Rcd1 Ba6 21. Bh3 Bxc4
22. fxe5 Nxe5 23. dxc4 Nfg4 24. Qe2 Ne3 25. Bc1 Nxd1 26. Bxh6 Nc3 27. Qc2 Nxa2
28. Qxa2 f5 29. exf5 Nd3 30. Rf1 1-0

[Event "Gibtelecom Masters 8th"]
[Site "Gibraltar"]
[Date "2010.01.30"]
[Round "5.76"]
[White "Fokin, Sergey"]
[Black "Schuetze, Norman"]
[Result "1-0"]
[WhiteElo "2109"]
[BlackElo "2269"]
[PlyCount "61"]
[EventDate "2010.01.26"]
[EventType "swiss"]
[EventRounds "10"]
[EventCountry "GGB"]
[SourceDate "2005.02.07"]

1. Nf3 g6 2. c4 Bg7 3. Nc3 e5 4. g3 Nc6 5. Bg2 f5 6. d3 Nf6 7. O-O O-O 8. Rb1
d6 9. b4 f4 10. b5 Ne7 11. Qb3 Kh8 12. c5 Nf5 13. cxd6 cxd6 14. gxf4 Nh5 15fxe5 Nh4 16. exd6 Nxg2 17. Kxg2 Qd7 18. Ne4 Qh3+ 19. Kg1 Be6 20. Qd1 h6 21. Ng3
Nf6 22. Ne5 Kh7 23. d4 Nd5 24. Qd3 Bxe5 25. dxe5 Rf4 26. f3 h5 27. Rf2 h4 28Ne4 Kh8 29. Ng5 Rg4+ 30. fxg4 Qxg4+ 31. Rg2 1-0

[Event "Gibtelecom Masters 8th"]
[Site "Gibraltar"]
[Date "2010.01.30"]
[Round "5.77"]
[White "Schoene, Maria"]
[Black "Ortega Valle, Jose Ramon"]
[Result "0-1"]
[WhiteElo "2251"]
[BlackElo "2054"]
[PlyCount "80"]
[EventDate "2010.01.26"]
[EventType "swiss"]
[EventRounds "10"]
[EventCountry "GGB"]
[SourceDate "2005.02.07"]

1. e4 c5 2. Nf3 d6 3. d4 cxd4 4. Nxd4 Nf6 5. Nc3 a6 6. Be3 e5 7. Nb3 Be6 8. f4
Qc7 9. f5 Bc4 10. Qf3 b5 11. Bxc4 bxc4 12. Nd2 Nbd7 13. Qe2 Rc8 14. O-O Qc6 15Rfd1 Be7 16. Bf2 O-O 17. a4 a5 18. Nb5 Qb7 19. Nxc4 Qxe4 20. Qxe4 Nxe4 21. b3
Nxf2 22. Kxf2 Nf6 23. Ra2 d5 24. Nxe5 Bc5+ 25. Kf3 Rfe8 26. Re1 Ne4 27. Nd3
Nd2+ 28. Kg3 Rxe1 29. Nxe1 Re8 30. Ra1 Re2 31. Nf3 Ne4+ 32. Kh3 Rxc2 33. Nfd4
Rd2 34. Nc6 h5 35. Nxa5 Bf2 36. g3 Be3 37. g4 Rd3 38. Kg2 hxg4 39. Ra2 Rd1 40h3 Rg1+ 0-1

[Event "Gibtelecom Masters 8th"]
[Site "Gibraltar"]
[Date "2010.01.30"]
[Round "5.78"]
[White "Hagen, Anders Gjerdrum"]
[Black "Montero Melendez, Rafael"]
[Result "0-1"]
[WhiteElo "2108"]
[BlackElo "2248"]
[PlyCount "54"]
[EventDate "2010.01.26"]
[EventType "swiss"]
[EventRounds "10"]
[EventCountry "GGB"]
[SourceDate "2005.02.07"]

1. d4 Nf6 2. c4 e6 3. Nf3 c5 4. d5 exd5 5. cxd5 d6 6. Nc3 g6 7. e4 Bg7 8. h3 a6
9. a4 Nbd7 10. Bd3 Nh5 11. O-O Ne5 12. Be2 Nxf3+ 13. Bxf3 Qh4 14. Be3 Be5 15Bxh5 gxh5 16. f4 Rg8 17. Rf2 Bxc3 18. bxc3 Bxh3 19. Qb3 Qg3 20. Qxb7 Rd8 21Qc6+ Ke7 22. Bxc5 dxc5 23. Qc7+ Ke8 24. Rb1 Qe3 25. Qe5+ Kf8 26. Qf6 Rxg2+ 27Kh1 Qxf2 0-1

[Event "Gibtelecom Masters 8th"]
[Site "Gibraltar"]
[Date "2010.01.30"]
[Round "5.79"]
[White "Obiamiwe, Paul"]
[Black "Lacrosse, Marc"]
[Result "1/2-1/2"]
[WhiteElo "2046"]
[BlackElo "2220"]
[PlyCount "55"]
[EventDate "2010.01.26"]
[EventType "swiss"]
[EventRounds "10"]
[EventCountry "GGB"]
[SourceDate "2005.02.07"]

1. e4 e5 2. Nf3 Nc6 3. Bb5 a6 4. Ba4 Nf6 5. O-O Nxe4 6. d4 b5 7. Bb3 d5 8. dxe5
Be6 9. Nbd2 Be7 10. c3 O-O 11. Bc2 f5 12. Nd4 Nxd4 13. cxd4 c5 14. dxc5 Bxc5
15. Nb3 Bb6 16. Nd4 Qd7 17. Bb3 Rfd8 18. Be3 Nc5 19. Bc2 Rac8 20. Rc1 a5 21Qe2 b4 22. Qb5 Qxb5 23. Nxb5 g6 24. Nd4 Kf7 25. Nb5 Kg8 26. Nd4 Kf7 27. Nb5 Kg8
28. Nd4 1/2-1/2

[Event "Gibtelecom Masters 8th"]
[Site "Gibraltar"]
[Date "2010.01.30"]
[Round "5.80"]
[White "Bryn, Askild"]
[Black "Kandic, Milan"]
[Result "1-0"]
[WhiteElo "2036"]
[BlackElo "2216"]
[PlyCount "111"]
[EventDate "2010.01.26"]
[EventType "swiss"]
[EventRounds "10"]
[EventCountry "GGB"]
[SourceDate "2005.02.07"]

1. e4 e5 2. Nf3 d6 3. d4 Nd7 4. Bc4 c6 5. O-O Be7 6. c3 b5 7. Bb3 Rb8 8. Be3 a6
9. Nbd2 Ngf6 10. h3 O-O 11. Re1 Qc7 12. Bc2 Re8 13. Nf1 Nf8 14. Ng3 Ng6 15. Qd2
Bf8 16. Bg5 Nd7 17. Rad1 h6 18. Be3 Nf6 19. Nf5 Be6 20. Bb1 Qa5 21. b3 Rbd8 22Qc2 c5 23. d5 Bc8 24. Qd2 Nh7 25. Kh2 Ne7 26. g4 Kh8 27. h4 g6 28. Bxh6 gxf5
29. exf5 Bxh6 30. Qxh6 Ng8 31. Qe3 Ngf6 32. Rg1 e4 33. Ng5 Nxg5 34. hxg5 Nxg4+
35. Rxg4 Bxf5 36. Rh4+ Kg7 37. Qf4 Re5 38. f3 Rh8 39. Rxh8 Kxh8 40. fxe4 Qxc3
41. exf5 Re2+ 42. Kg1 Re1+ 43. Rxe1 Qxe1+ 44. Qf1 Qg3+ 45. Kh1 Qh4+ 46. Kg2
Qxg5+ 47. Kh2 Qd2+ 48. Qg2 Qf4+ 49. Qg3 Qd2+ 50. Kh3 Qxd5 51. Qh4+ Kg8 52. Qg5+
Kh8 53. Qd8+ Kg7 54. f6+ Kh6 55. Qh8+ Kg5 56. Qh4# 1-0

[Event "Gibtelecom Masters 8th"]
[Site "Gibraltar"]
[Date "2010.01.30"]
[Round "5.81"]
[White "Lombart, Philippe"]
[Black "Ashby, Anthony C"]
[Result "1-0"]
[WhiteElo "1996"]
[BlackElo "2178"]
[PlyCount "57"]
[EventDate "2010.01.26"]
[EventType "swiss"]
[EventRounds "10"]
[EventCountry "GGB"]
[SourceDate "2005.02.07"]

1. d4 g6 2. c4 f5 3. Nc3 Nf6 4. g3 Bg7 5. Bg2 d6 6. Nh3 Nc6 7. O-O O-O 8. Rb1
Ng4 9. e3 e5 10. Ne2 e4 11. b4 a5 12. b5 Ne7 13. Nef4 h6 14. c5 Nf6 15. Ba3 d5
16. c6 Kh7 17. cxb7 Bxb7 18. Ne6 Qd7 19. Nxf8+ Bxf8 20. Qc2 g5 21. f3 exf3 22Bxe7 Bxe7 23. Rxf3 Ne4 24. Rff1 Rf8 25. Nf2 Nxf2 26. Rxf2 Kg7 27. a4 Bd6 28Rbf1 Qe6 29. Rxf5 1-0

[Event "Gibtelecom Masters 8th"]
[Site "Gibraltar"]
[Date "2010.01.30"]
[Round "5.82"]
[White "Spanton, Tim R"]
[Black "Lasinskas, Povilas"]
[Result "0-1"]
[WhiteElo "2035"]
[BlackElo "2174"]
[PlyCount "98"]
[EventDate "2010.01.26"]
[EventType "swiss"]
[EventRounds "10"]
[EventCountry "GGB"]
[SourceDate "2005.02.07"]

1. e4 e5 2. Nf3 Nc6 3. Bb5 a6 4. Bxc6 dxc6 5. Nc3 f6 6. d4 exd4 7. Qxd4 Qxd4 8Nxd4 Bd6 9. Be3 Bd7 10. O-O-O Ne7 11. Nb3 Ng6 12. Nc5 Bc8 13. Nd3 b6 14. a3 a5
15. Ne2 O-O 16. Ndf4 Ba6 17. Nxg6 hxg6 18. Rd2 Rfe8 19. Nc3 b5 20. f3 b4 21Nb1 f5 22. axb4 axb4 23. e5 Rxe5 24. Bf4 Re6 25. Bxd6 cxd6 26. Rhd1 d5 27. Rd4
Rb8 28. Nd2 Re2 29. Rg1 Rbe8 30. Kd1 Rf2 31. Nb3 Ree2 32. Rd2 Rxd2+ 33. Nxd2 c5
34. Nb3 c4 35. Nd4 c3 36. bxc3 bxc3 37. Ne6 Kf7 38. Nf4 Bb5 39. Kc1 Ba4 40Nxd5 Rxc2+ 41. Kb1 g5 42. Ne3 Re2 43. Nd5 Rb2+ 44. Kc1 Bb3 45. Nb4 Bc4 46. Nc6
Ba2 47. Rd1 Rb1+ 48. Kc2 Bb3+ 49. Kxb1 c2+ 0-1

[Event "Gibtelecom Masters 8th"]
[Site "Gibraltar"]
[Date "2010.01.30"]
[Round "5.83"]
[White "Hughes, Roy"]
[Black "Bindrich, Oswald"]
[Result "1-0"]
[WhiteElo "1976"]
[BlackElo "2173"]
[PlyCount "53"]
[EventDate "2010.01.26"]
[EventType "swiss"]
[EventRounds "10"]
[EventCountry "GGB"]
[SourceDate "2005.02.07"]

1. e4 c5 2. Nc3 d6 3. f4 a6 4. Nf3 e6 5. g3 Nc6 6. Bg2 Qc7 7. d3 Nf6 8. O-O Be7
9. Ne2 Bd7 10. h3 h6 11. c3 O-O 12. Qc2 Rac8 13. Be3 e5 14. Rae1 Rfe8 15. g4
Bf8 16. f5 d5 17. Ng3 c4 18. dxc4 dxc4 19. Rd1 Na5 20. Kh1 b5 21. g5 hxg5 22Nxg5 Nb7 23. Qe2 Be7 24. Nh5 Kf8 25. Nxf6 Bxf6 26. Qh5 Bxg5 27. Qh8+ 1-0

[Event "Gibtelecom Masters 8th"]
[Site "Gibraltar"]
[Date "2010.01.30"]
[Round "5.84"]
[White "Byrn, Carsten"]
[Black "Zanetti, Bruno"]
[Result "1-0"]
[WhiteElo "2171"]
[BlackElo "1978"]
[PlyCount "55"]
[EventDate "2010.01.26"]
[EventType "swiss"]
[EventRounds "10"]
[EventCountry "GGB"]
[SourceDate "2005.02.07"]

1. d4 d5 2. c4 c6 3. Nf3 e6 4. Nc3 f5 5. Bf4 Bd6 6. e3 Nf6 7. Bd3 Ne4 8. Qc2
Na6 9. a3 Nc7 10. Bxd6 Qxd6 11. c5 Qe7 12. Ne5 Bd7 13. O-O Nxc3 14. Qxc3 g5 15f4 g4 16. b4 a6 17. g3 Qg7 18. Rfb1 h5 19. Bf1 h4 20. Bg2 Qh6 21. Kf2 h3 22Bf1 Ke7 23. a4 Rhb8 24. b5 axb5 25. axb5 Rxa1 26. Rxa1 Nxb5 27. Bxb5 cxb5 28Qa5 1-0

[Event "Gibtelecom Masters 8th"]
[Site "Gibraltar"]
[Date "2010.01.30"]
[Round "5.85"]
[White "Molina, Antonio"]
[Black "Young, Melvyn"]
[Result "1-0"]
[WhiteElo "2148"]
[BlackElo "1717"]
[PlyCount "73"]
[EventDate "2010.01.26"]
[EventType "swiss"]
[EventRounds "10"]
[EventCountry "GGB"]
[SourceDate "2005.02.07"]

1. d4 c5 2. d5 Nf6 3. c4 b5 4. cxb5 a6 5. bxa6 g6 6. g3 Bxa6 7. Bg2 d6 8. Nf3
Bg7 9. O-O O-O 10. Nc3 Nbd7 11. Qc2 Qb6 12. Rb1 Rfb8 13. b3 Qa5 14. Bd2 Qd8 15Rfd1 Ng4 16. h3 Nge5 17. Nh2 Nf6 18. Bf4 Ned7 19. g4 Qa5 20. a4 Nxg4 21. Nxg4
Qxc3 22. Qe4 Bf6 23. Bd2 Qd4 24. Qf3 Ne5 25. Nxf6+ exf6 26. Qg3 c4 27. Bc3 Qb6
28. b4 Bc8 29. a5 Qa6 30. Be4 Bd7 31. f4 Ba4 32. fxe5 Bxd1 33. Rxd1 fxe5 34Bc2 Qa7+ 35. Kg2 Qd7 36. e4 Rf8 37. Rf1 1-0

[Event "Gibtelecom Masters 8th"]
[Site "Gibraltar"]
[Date "2010.01.30"]
[Round "5.86"]
[White "Popa-Matei, Viorel-Ovidiu"]
[Black "Rough, Robert E"]
[Result "1-0"]
[WhiteElo "2137"]
[BlackElo "1811"]
[PlyCount "49"]
[EventDate "2010.01.26"]
[EventType "swiss"]
[EventRounds "10"]
[EventCountry "GGB"]
[SourceDate "2005.02.07"]

1. e4 d6 2. d4 Nf6 3. Nc3 e5 4. f4 Nbd7 5. Nf3 exd4 6. Qxd4 c5 7. Qd1 Nb6 8Bd3 Be7 9. O-O O-O 10. b3 Bg4 11. h3 Bxf3 12. Qxf3 Qd7 13. a4 Rad8 14. Bb2 Qc7
15. Nb5 Qb8 16. c4 a5 17. Bc3 Nbd7 18. Bxa5 b6 19. Bc3 Rfe8 20. Rae1 Nf8 21. e5
N6d7 22. Be4 Ne6 23. Bd5 dxe5 24. fxe5 Rf8 25. Qg4 1-0